The advertisement (L'Inserzione) / (Record no. 6654)
[ view plain ]
| 000 -LEADER | |
|---|---|
| fixed length control field | 00716cam a22002652a 4500 |
| 001 - CONTROL NUMBER | |
| JCCL Control Number | 6654 |
| 003 - CONTROL NUMBER IDENTIFIER | |
| JCCL marc code | BD-JhCC |
| 005 - DATE AND TIME OF LATEST TRANSACTION | |
| control field | 20180127182523.0 |
| 008 - FIXED-LENGTH DATA ELEMENTS--GENERAL INFORMATION | |
| fixed length control field | 000203s1969 enk 000 0 eng d |
| 020 ## - INTERNATIONAL STANDARD BOOK NUMBER | |
| International Standard Book Number | 0571091520 |
| 035 ## - SYSTEM CONTROL NUMBER | |
| system control number | (BD-JhCC)6654 |
| 040 ## - CATALOGING SOURCE | |
| Original cataloging agency | DLC |
| Transcribing agency | DLC |
| Modifying agency | UKM |
| -- | EQO |
| -- | BD-JhCC |
| 041 1# - LANGUAGE CODE | |
| Language code of Book | eng |
| Language code of original and/or intermediate translations of text | ita |
| 050 #0 - LIBRARY OF CONGRESS CALL NUMBER | |
| Classification number | PQ4817.I5 |
| Item number | I513 |
| 082 ## - DEWEY DECIMAL CLASSIFICATION NUMBER | |
| Classification number | 852/.9/12 |
| Author mark and Year | GIN 1969 |
| 100 1# - MAIN ENTRY--PERSONAL NAME | |
| Personal name | Ginzburg, Natalia. |
| 240 10 - UNIFORM TITLE | |
| Uniform title | Inserzione. |
| 245 14 - TITLE STATEMENT | |
| Title | The advertisement (L'Inserzione) / |
| Statement of responsibility, etc | Natalia Ginzburg translated by Henry Reed |
| 260 ## - PUBLICATION, DISTRIBUTION, ETC. (IMPRINT) | |
| Place of publication, distribution, etc | London : |
| Name of publisher, distributor, etc | Faber, |
| Date of publication, distribution, etc | 1969. |
| 300 ## - PHYSICAL DESCRIPTION | |
| Pagination | 3-59 p. |
| Dimensions | 21 cm. |
| 650 ## - SUBJECT ADDED ENTRY--TOPICAL TERM | |
| Topical term or geographic name as entry element | Spanish Literature |
| 700 1# - ADDED ENTRY--PERSONAL NAME | |
| Personal name | Reed, Henry, |
| Dates associated with a name | 1914-1986 |
| 942 ## - ADDED ENTRY ELEMENTS (KOHA) | |
| Source of classification or shelving scheme | Dewey Decimal Classification |
| Koha item type | Books |
| Source of classification or shelving scheme | Damaged status | Not for loan | Home library | Current library | Shelving location | Cost, normal purchase price | Total Checkouts | Full call number | Barcode | Date last seen | Copy number | Koha item type |
|---|---|---|---|---|---|---|---|---|---|---|---|---|
| Dewey Decimal Classification | JCC Rouf Library | JCC Rouf Library | General Stacks | 0.40 | 852/.9/12 GIN 1969 | 9016 | 01/27/2018 | C - 1 | Books |